La prelación ciudadana (Record no. 32815)

MARC details
000 -LEADER
campo de control de longitud fija 00888nam a2200241 i 4500
001 - NÚMERO DE CONTROL
campo de control 32815
003 - IDENTIFICADOR DE NÚMERO DE CONTROL
campo de control ES-MaACL
005 - FECHA Y HORA DE LA ÚLTIMA TRANSACCIÓN
campo de control 20230906154635.0
007 - CAMPO FIJO DE DESCRIPCIÓN FÍSICA--INFORMACIÓN GENERAL
campo de control de longitud fija t|
008 - DATOS DE LONGITUD FIJA--INFORMACIÓN GENERAL
campo de control de longitud fija 030131s1972 sp |||| | spa d
080 ## - NÚMERO DE LA CLASIFICACIÓN DECIMAL UNIVERSAL
Número de la Clasificación Decimal Universal 946.301"13/16"
100 1# - ENTRADA PRINCIPAL--NOMBRE DE PERSONA
Nombre de persona Benito Ruano, Eloy.
9 (RLIN) 27689
245 13 - MENCIÓN DEL TÍTULO
Título La prelación ciudadana
Resto del título : las disputas por la precedencia entre las ciudades de la Corona de Castilla /
Mención de responsabilidad, etc. Eloy Benito Ruano.
260 ## - PUBLICACIÓN, DISTRIBUCIÓN, ETC.
Lugar de publicación, distribución, etc. [Toledo :
Nombre del editor, distribuidor, etc. Publicaciones del Centro Universitario de Toledo, Universidad Complutense,
Fecha de publicación, distribución, etc. 1972]
300 ## - DESCRIPCIÓN FÍSICA
Extensión 103 p. ;
Dimensiones 20 cm.
490 1# - MENCIÓN DE SERIE
Mención de serie Toledo universitario ;
Designación de volumen o secuencia 4
650 #4 - PUNTO DE ACCESO ADICIONAL DE MATERIA--TÉRMINO DE MATERIA
Término de materia o nombre geográfico como elemento de entrada Ciudades-
Subdivisión geográfica Castilla (Reino)
9 (RLIN) 162583
710 2# - ENTRADA AGREGADA--NOMBRE DE ENTIDAD CORPORATIVA
Nombre de entidad corporativa o nombre de jurisdicción como elemento de entrada Universidad Complutense de Madrid.
Unidad subordinada Centro Universitario de Toledo.
9 (RLIN) 162578
830 0# - PUNTO DE ACCESO ADICIONAL DE SERIE-TÍTULO UNIFORME
Título uniforme Toledo universitario ;
Designación de volumen o secuencia 4
9 (RLIN) 185581
852 ## - LOCALIZACIÓN
Ubicación ES-MaACL
Número de control de estantería C-50614
852 ## - LOCALIZACIÓN
Ubicación ES-MaACL
Número de control de estantería E-6658
Holdings
Estatus retirado Estado de pérdida Estado de daño No para préstamo Biblioteca de origen Biblioteca actual Ubicación en estantería Fecha de adquisición Fuente de adquisición Total de préstamos Signatura topográfica completa Código de barras Visto por última vez Precio de reemplazo Tipo de ítem Koha
        Biblioteca del Ateneo de Madrid Biblioteca del Ateneo de Madrid Depósito 2 17/01/2008     E-6658 1034054 23/02/2023 23/02/2023 Libro impreso
        Biblioteca del Ateneo de Madrid Biblioteca del Ateneo de Madrid Depósito 2 17/01/2008     C-50614 1034053 23/02/2023 23/02/2023 Libro impreso